000 01764na a2200433 4500
001 19744
003 MIRAKIL
005 20181213155126.0
008 161226b tu 000 0
035 _a19744
040 _aMilas
_btur
_cTR-AnCHP
041 _atur
082 _aCHP 324.2372
_bK44y 2015
090 _aBROŞÜR 172
100 _aKılıçdaroğlu, Kemal
_cCHP Genel Başkanı
240 _aYaşanacak bir Türkiye
_f2015
245 _aYaşanacak bir Türkiye
_bhemşirelerin sorunlarını sıfırlıyoruz
_c[Kemal Kılıçdaroğlu]
246 _aHemşirelerin sorunlarını sıfırlıyoruz
260 _aAnkara
_bCHP
_c2015
300 _aktl. broşür
_brnkl. fotg.
_c20 sm.
440 _aCumhuriyet Halk Partisi yayınları
_pYaşanacak bir Türkiye dizisi
500 _aBaşka yapıt adı: Gelin oy verin sıfırlayalım
600 _aKılıçdaroğlu, Kemal
_xPropaganda ve ideolojiler
_yHemşireler ve hemşirelik
600 _aKılıçdaroğlu, Kemal
_cCHP Genel Başkanı
_xSeçim kampanyaları, 2015
_yHemşireler
610 _aCHP
_xHemşireler ve hemşirelik
_yÇözüm önerileri
610 _aCHP
_xSeçim kampanyaları, 2015
_yHemşireler ve hemşirelik
610 _aCHP
_xPropaganda ve ideolojiler
_yKılıçdaroğlu dönemi
_yGenel seçimler, 2015
651 _aTürkiye
_xSiyaset ve yönetim
_y2015-
657 _aCHP sosyal güvenlik politikası
657 _aYaşanacak bir Türkiye kampanyası
657 _aCHP seçim propagandaları
657 _aCHP seçim kampanyaları
657 _aGelin oy verin sıfırlayalım kampanyası
740 _aHemşirelerin sorunlarını sıfırlıyoruz
830 _aYaşanacak bir Türkiye dizisi
830 _aCHP broşürleri
942 _2ddc
_cBKS
999 _c7027
_d7027